La céramique des colonies françaises (Record no. 152118)

MARC details
000 -LEADER
campo de control de longitud fija 01004nam a22002175i 4500
001 - NÚMERO DE CONTROL
campo de control 152118
003 - IDENTIFICADOR DE NÚMERO DE CONTROL
campo de control ES-MaACL
005 - FECHA Y HORA DE LA ÚLTIMA TRANSACCIÓN
campo de control 20250813092331.0
008 - DATOS DE LONGITUD FIJA--INFORMACIÓN GENERAL
campo de control de longitud fija 990115s1893 fr |||| | fre d
040 ## - FUENTE DE CATALOGACIÓN
Centro catalogador/agencia de origen CCPB | B
Lengua de catalogación spa
Centro/agencia transcriptor CCPB | B
100 1# - ENTRADA PRINCIPAL--NOMBRE DE PERSONA
Nombre de persona Bilbaut, Theophile.
9 (RLIN) 28874
245 13 - MENCIÓN DEL TÍTULO
Título La céramique des colonies françaises
Resto del título : age de terre, age de pierre : poteries de la Guyane et des Antilles Françaises : L'exposition Permanente des Colonies Françaises á l'Exposition Historique-Américaine de 1892, á Madrid /
Mención de responsabilidad, etc. par Théophile Bilbaut.
260 ## - PUBLICACIÓN, DISTRIBUCIÓN, ETC.
Lugar de publicación, distribución, etc. Paris :
Nombre del editor, distribuidor, etc. Société d'Éditions Scientifiques,
Fecha de publicación, distribución, etc. 1893 (
Lugar de fabricación/manufactura Tours :
Fabricante Imprimerie Deslis Frères)
300 ## - DESCRIPCIÓN FÍSICA
Extensión XI, 159 p. ;
Dimensiones 24 cm.
611 27 - PUNTO DE ACCESO ADICIONAL DE MATERIA--NOMBRE DE REUNIÓN/CONGRESO
Nombre de congreso/reunión o jurisdicción como elemento de entrada Exposición Histórico-Americana
Fecha del congreso o de la firma del tratado (1892.
Sede del congreso/Lugar de la reunión Madrid)
Fuente del encabezamiento o término
9 (RLIN) 135137
650 #7 - PUNTO DE ACCESO ADICIONAL DE MATERIA--TÉRMINO DE MATERIA
Término de materia o nombre geográfico como elemento de entrada Artesanía
Fuente del encabezamiento o término embne
9 (RLIN) 10344
650 #4 - PUNTO DE ACCESO ADICIONAL DE MATERIA--TÉRMINO DE MATERIA
Término de materia o nombre geográfico como elemento de entrada Cerámica.
9 (RLIN) 135756
711 2# - ENTRADA AGREGADA--NOMBRE DE REUNIÓN
Nombre de congreso/reunión o jurisdicción como elemento de entrada Exposición Histórico-Americana
Fecha del congreso o de la firma del tratado (1892.
Sede del congreso/Lugar de la reunión Madrid)
9 (RLIN) 135137
852 ## - LOCALIZACIÓN
Ubicación ES-MaACL
Número de control de estantería G-5297
Nota libre -- Enc. hol.
Holdings
Estatus retirado Estado de pérdida Estado de daño No para préstamo Colección Biblioteca de origen Biblioteca actual Ubicación en estantería Fecha de adquisición Fuente de adquisición Total de préstamos Signatura topográfica completa Código de barras Visto por última vez Precio de reemplazo Tipo de ítem Koha
        Libros del s. XIX Biblioteca del Ateneo de Madrid Biblioteca del Ateneo de Madrid Depósito 2 17/01/2008     G-5297 1158808 23/02/2023 23/02/2023 Libro impreso antiguo